Countries Closest to Bolivia - Sudden Death - Statistics

General Stats
  • This quiz has been taken 41 times
  • The average score is 9 of 15
Answers on the Grid
Answers color-coded by a green-red scale on the quiz's grid according to % correct below.
Argentina
Brazil
Chile
Paraguay
Peru
Colombia
Uruguay
Venezuela
Ecuador
Guyana
Suriname
Panama
Trinidad and Tobago
Grenada
Saint Vincent and the Grenadines
Barbados
Saint Lucia
Dominica
Antigua and Barbuda
Saint Kitts and Nevis
Dominican Republic
Haiti
Cuba
Bahamas
Jamaica
Costa Rica
Nicaragua
Guatemala
El Salvador
Honduras
 
Answer Stats
Answer % Correct
Brazil
91%
Argentina
87%
Venezuela
87%
Chile
83%
Colombia
78%
Peru
78%
Ecuador
74%
Paraguay
74%
Uruguay
70%
Guyana
65%
Panama
61%
Suriname
57%
Trinidad and Tobago
35%
Grenada
4%
Saint Vincent and the Grenadines
4%
No matching quizzes found
Score Distribution
Percent of People with Each Score
Percentile by Number Answered
Your Score History
You have not taken this quiz